000 00457nam a2200181Ia 4500
001 2482
005 20260306144810.0
008 260306t2008||||xx |||||||||||||| ||spa||
041 _aESP
082 _a616.891
_bL12
100 _aLabrador J., Francisco
_eAUT
245 0 _aManual de técnicas de modificación y terapia de conducta
260 _c2008
300 _a910 páginas :
_c23 cm.
650 _aGEN
654 _aCPS
942 _cLIB
_dJUS
_fJUS
_2ddc
_n
999 _c2482
_d2482